000 00665nam a2200229Ia 4500
005 20250508164637.0
008 008 250505s9999 xx 000 0 eng d
020 _a978-0-415-41849-2
037 _aTextual
040 _aFEDL
_beng
_cFEDL
041 _aeng
_2eng
084 _a372.21, DAH
_qFEDL
100 _aDahlberg Gunilla (et.al)
_9778715
245 0 _aBeyond quality in early childhood education and care: Languages of evaluation
250 _a2
260 _aLondon, UK
_bRoutledge
_c2007
300 _axxvi,206p.
365 _aGBP
_b22.5
650 _aCritical pedagogy
942 _cTEXL
_h372.21, DAH
999 _c1390303
_d1390303